Leave travel concession (Record no. 12943)

000 -LEADER
fixed length control field 00451nam a22001577a 4500
008 - FIXED-LENGTH DATA ELEMENTS--GENERAL INFORMATION
fixed length control field 211228b ||||| |||| 00| 0 eng d
041 0# - LANGUAGE CODE
Language code of text/sound track or separate title eng
082 00 - DEWEY DECIMAL CLASSIFICATION NUMBER
Classification number 351.5
Item number M9927
100 ## - MAIN ENTRY--PERSONAL NAME
9 (RLIN) 1282
Personal name Muthuswamy, P.
245 10 - TITLE STATEMENT
Title Leave travel concession
250 ## - EDITION STATEMENT
Edition statement 28th ed.
260 ## - PUBLICATION, DISTRIBUTION, ETC. (IMPRINT)
Place of publication, distribution, etc New Delhi :
Name of publisher, distributor, etc Swamy Publications,
Date of publication, distribution, etc 1991.
300 ## - PHYSICAL DESCRIPTION
Extent Viii,88 p.
650 #0 - SUBJECT ADDED ENTRY--TOPICAL TERM
Topical term or geographic name as entry element Public Administration - India
General subdivision Leave Travel Concession
942 ## - ADDED ENTRY ELEMENTS (KOHA)
Item type Books
Holdings
Withdrawn status Lost status Source of classification or shelving scheme Damaged status Not for loan Permanent location Current location Date acquired Source of acquisition Cost, normal purchase price Full call number Barcode Date last seen Cost, replacement price Koha item type
          IMU Kolkata IMU Kolkata 1992-06-02 Swamy Publishers 17.00 351.5 M9927 08014 2021-12-28 17.00 Books
Designed and Maintained by IMU-KC Library, Kolkata Campus © Copyright All Rights Reserved

webs counters

Powered by Koha